Nommez le plus gros pays touchant ce pays #1 - Statistiques

Statistiques générales
  • Ce quiz a été pris 188 fois
    133 depuis la dernière actualisation
  • Le résultat moyen est 8 sur 10
Statistiques - réponses
Plus gros pays touchant ... ce pays % Correct
Russie Lituanie
96%
France Espagne
90%
Algérie Maroc
89%
Chine Inde
86%
Indonésie Malaisie
85%
Arabie Saoudite Oman
82%
Ukraine Moldavie
76%
Afrique du Sud Botswana
72%
Cameroun Gabon
52%
Pakistan Iran
44%
Aucun quiz correspondant
Distribution des résultats
% des personnes avec chaque résultat
Percentile par nombre de réponses
Votre historique - résultats
Vous n’avez pas pris ce quiz depuis la dernière actualisation